000 00598cam a22002291 4500
001 sa 65004730
003 DLC
005 20260227112133.0
008 890727r19641950ii 000 0 hino
010 _asa 65004730
035 _a(OCoLC)20078677
040 _aDLC
_cWaU
_dDLC
042 _apremarc
050 0 0 _aPK1718.T24
_bR35 1964
100 1 _aTagore, Rabindranath,
_d1861-1941.
245 1 0 _aRavīndra-ratnākara.
260 _c1964.
300 _a32, 152 p.
_c22 cm.
500 _aIn Hindi.
500 _aFirst Hindi ed. published in 1950.
700 1 _aGupta, Raghuvansh Lal,
_d1904-
999 _c63923
_d63923